Новая техника и опытные предприятия

Bibliographische Detailangaben
1. Verfasser: Башин М. Л.
Zusammenfassung:Исключено из фонда НТБ ТПУ
Sprache:Russisch
Veröffentlicht: Москва, Машиностроение, 1979
Format: MixedMaterials Buch
KOHA link:https://koha.lib.tpu.ru/cgi-bin/koha/opac-detail.pl?biblionumber=292450

MARC

LEADER 00000nam0a2200000 4500
001 292450
005 20231101001129.0
035 |a (RuTPU)RU\TPU\book\317070 
090 |a 292450 
100 |a 20150422d1979 k y0rusy50 ca 
101 0 |a rus 
102 |a RU 
105 |a a z 001zy 
200 1 |a Новая техника и опытные предприятия  |f М. Л. Башин 
210 |a Москва  |c Машиностроение  |d 1979 
215 |a 140 с. 
333 |a Исключено из фонда НТБ ТПУ 
700 1 |a Башин  |b М. Л. 
801 1 |a RU  |b 63413507  |c 20150422 
801 2 |a RU  |b 63413507  |c 20211217  |g RCR 
942 |c BK